000 00605nam a2200277Ia 4500
005 20260401122421.0
008 008 250103s9999 xx 000 0 eng d
020 _a226846636
037 _aTB
040 _aEDL
040 _beng
040 _cEDL
041 _2eng
041 _aeng
084 _a294.5923 BUI
084 _qEDL
245 0 _aMahabharata:Book of the beginning
260 _aLondon
260 _bUniversity of Chicago Press
260 _c1973
300 _a492p
942 _cTB
942 _h294.5923 BUI
999 _c1847140
_d1847140